[Event "LEM Nachwuchs M-V u12w 08.-12.02.2020"]
[Site "Aula Fleesenseeschule Malch"]
[Date "2020.02.12"]
[Round "7.2"]
[White "Urban, Mila"]
[Black "Khanbekyan, Nare"]
[Result "0-1"]
[WhiteElo "867"]
[BlackElo "1081"]
[PlyCount "140"]
[EventDate "2020.??.??"]
[WhiteTeam "TuS Makkabi Rostock"]
[BlackTeam "Greifswalder SV"]

1. e4 c5 2. Nc3 d6 3. Be2 Nf6 4. d3 g6 5. Nf3 Bg7 6. d4 cxd4 7. Nxd4 O-O 8. h3
Bd7 9. O-O Nc6 10. Nb3 Qc7 11. Bf4 e5 12. Bg5 Rfb8 13. Bxf6 Bxf6 14. Bg4 b5 15.
Nd5 Bxg4 16. Nxf6+ Kg7 17. Nxg4 f5 18. exf5 gxf5 19. Ne3 Ne7 20. Nd2 f4 21. Ng4
h5 22. Nh2 Ng6 23. Qxh5 Qxc2 24. Ndf3 Rh8 25. Qg4 Raf8 26. Rac1 Qxb2 27. Rc7+
Rf7 28. Rc6 Rf6 29. Ng5 Qxa2 30. Qd7+ Kh6 31. Ngf3 b4 32. Qb7 a5 33. Rb6 Qc2
34. Ra1 Qc5 35. h4 Nxh4 36. Rc6 Nxf3+ 37. Nxf3 Qd5 38. Rc7 Rg6 39. Kf1 Qd3+ 40.
Ke1 Rxg2 41. Rxa5 e4 42. Qa6 Qxa6 43. Rxa6 exf3 44. Rxd6+ Rg6 45. Rd4 Kg5 46.
Rb7 Rh1+ 47. Kd2 Rb1 48. Kc2 Rf1 49. Rd2 Rc6+ 50. Kb3 Kg4 51. Rd5 Rg6 52. Rxb4
Rxf2 53. Rdd4 Rf6 54. Rb8 Rf1 55. Rd7 Rb1+ 56. Kc4 Rxb8 57. Rg7+ Kh3 58. Kd4 f2
59. Ke5 f1=Q 60. Kxf6 Rb5 61. Rh7+ Kg4 62. Rg7+ Kf3 63. Re7 Qa1+ 64. Kf7 Qa6
65. Re6 Rf5+ 66. Ke7 Qa3+ 67. Kd7 Rd5+ 68. Kc6 Qc5+ 69. Kb7 Rd7+ 70. Ka6 Ra7#
0-1

[Event "LEM Nachwuchs M-V u12m 08.-12.02.2020"]
[Site "?"]
[Date "2020.02.08"]
[Round "1.1"]
[White "Garde, Edgar Emil"]
[Black "Wellßow, Lio Keanu"]
[Result "1-0"]
[WhiteElo "941"]
[BlackElo "1187"]
[PlyCount "57"]
[EventDate "2020.??.??"]
[WhiteTeam "TuS Makkabi Rostock"]
[BlackTeam "SG Jasmund"]

1. e4 c5 2. Nf3 Nc6 3. Nc3 e6 4. d4 Nf6 5. Be3 Qa5 6. Qd2 d5 7. dxc5 Nxe4 8.
Nxe4 dxe4 9. Qxa5 Nxa5 10. Nd2 Bd7 11. Nxe4 O-O-O 12. b4 Nc6 13. c3 f5 14. Ng5
Ne5 15. Bd4 h6 16. Bxe5 hxg5 17. Bc4 a6 18. O-O b5 19. cxb6 Bb5 20. Bxb5 axb5
21. Rad1 Rd5 22. Rxd5 exd5 23. Rd1 Kd7 24. Rxd5+ Ke6 25. Rxb5 Bd6 26. Bxd6 Kxd6
27. Rxf5 Re8 28. g3 Ra8 29. Rxg5 1-0

[Event "LEM Nachwuchs M-V u12m 08.-12.02.2020"]
[Site "?"]
[Date "2020.02.08"]
[Round "1.2"]
[White "Müller, Mitja"]
[Black "Fritsch, Friedrich"]
[Result "1-0"]
[WhiteElo "1265"]
[BlackElo "903"]
[PlyCount "61"]
[EventDate "2020.??.??"]
[WhiteTeam "TuS Makkabi Rostock"]
[BlackTeam "SG Jasmund"]

1. d4 d5 2. c4 dxc4 3. e3 Bf5 4. Bxc4 Bxb1 5. Rxb1 Nf6 6. Nf3 Nc6 7. O-O g6 8.
Ng5 e6 9. Qf3 Bh6 10. Ne4 Nxe4 11. Qxe4 O-O 12. b3 Bg7 13. Bb2 Rb8 14. d5 f5
15. Qxe6+ Kh8 16. Bxg7+ Kxg7 17. dxc6 Rf6 18. Qd7+ Qxd7 19. cxd7 Rd8 20. Rfd1
Rd6 21. Rxd6 cxd6 22. h3 Rxd7 23. g4 fxg4 24. hxg4 d5 25. Be2 d4 26. exd4 Rxd4
27. g5 Rd2 28. Bc4 Rxa2 29. Rd1 a6 30. Rd8 b5 31. Rg8# 1-0

[Event "LEM Nachwuchs M-V u12m 08.-12.02.2020"]
[Site "?"]
[Date "2020.02.08"]
[Round "1.3"]
[White "Schloßmacher, Lenny"]
[Black "Brandt, Mattis"]
[Result "0-1"]
[WhiteElo "874"]
[BlackElo "1323"]
[PlyCount "38"]
[EventDate "2020.??.??"]
[WhiteTeam "TSV Friedland"]
[BlackTeam "Greifswalder SV"]

1. e4 e6 2. Bc4 d5 3. exd5 exd5 4. Qe2+ Ne7 5. Bb3 Nbc6 6. Nc3 Nd4 7. Qe3 c5 8.
Nxd5 Be6 9. c3 Ndf5 10. Qxc5 Nxd5 11. Qb5+ Qd7 12. Qe2 Nf4 13. Qf1 Nd3+ 14. Kd1
Bc5 15. Nf3 Nxf2+ 16. Ke1 O-O 17. d4 Nxh1 18. dxc5 Rfe8 19. Ke2 Bc4# 0-1

[Event "LEM Nachwuchs M-V u12m 08.-12.02.2020"]
[Site "?"]
[Date "2020.02.08"]
[Round "1.4"]
[White "Drechsler, Andor"]
[Black "Wandelt, Moritz"]
[Result "1-0"]
[WhiteElo "1227"]
[BlackElo "859"]
[PlyCount "41"]
[EventDate "2020.??.??"]
[WhiteTeam "SAV Torgelow"]
[BlackTeam "SAV Torgelow"]

1. c4 e6 2. Nc3 Be7 3. g3 Nf6 4. Bg2 c5 5. e3 a6 6. a4 b6 7. Bxa8 Nc6 8. Bxc6
dxc6 9. Nf3 a5 10. O-O O-O 11. Qc2 Ng4 12. h3 Nf6 13. Ne4 Nxe4 14. Qxe4 Bb7 15.
b3 Bf6 16. Rb1 Qc7 17. Bb2 Bxb2 18. Rxb2 b5 19. Qe5 Qxe5 20. Nxe5 bxc4 21. Nxc4
1-0

[Event "LEM Nachwuchs M-V u12m 08.-12.02.2020"]
[Site "?"]
[Date "2020.02.08"]
[Round "1.5"]
[White "Adler, Florian"]
[Black "Ivanov, Alexander"]
[Result "0-1"]
[WhiteElo "791"]
[BlackElo "1147"]
[PlyCount "108"]
[EventDate "2020.??.??"]
[WhiteTeam "SV Gryps"]
[BlackTeam "SSC Rostock"]

1. e4 c5 2. Nf3 g6 3. Nc3 Bg7 4. Bc4 Nc6 5. d3 e6 6. Be3 b6 7. O-O Nge7 8. Qe2
Nd4 9. Bxd4 cxd4 10. Nb5 d5 11. exd5 exd5 12. Bb3 Be6 13. Nfxd4 a6 14. Nc3 Bxd4
15. Rfe1 Bxc3 16. bxc3 a5 17. Qe5 Rg8 18. Qg5 a4 19. Bxd5 Bxd5 20. Rab1 Rb8 21.
a3 Kf8 22. Qh6+ Rg7 23. c4 Nf5 24. Qf4 Bc6 25. Qe5 Qe8 26. Qf6 Qd7 27. Re2 Qb7
28. f3 Bxf3 29. gxf3 Qxf3 30. Rbe1 Qg4+ 31. Kf1 Qf4+ 32. Kg1 Qd4+ 33. Qxd4 Nxd4
34. Rd2 Nf3+ 35. Kf2 Nxd2 36. Ke3 Nxc4+ 37. dxc4 f6 38. Kd4 Rd8+ 39. Kc3 Rc7
40. Kb4 Rd4 41. Kxa4 Rdxc4+ 42. Kb3 Rxc2 43. Ra1 Rc1 44. Ra2 Rb1+ 45. Rb2 Rxb2+
46. Kxb2 f5 47. Kb3 f4 48. Kb4 Rc5 49. h4 f3 50. h5 gxh5 51. Kb3 f2 52. Kb4
f1=Q 53. Kb3 Qb1+ 54. Ka4 Ra5# 0-1

[Event "LEM Nachwuchs M-V u12m 08.-12.02.2020"]
[Site "?"]
[Date "2020.02.08"]
[Round "1.6"]
[White "Briese, Paul"]
[Black "Hempel, Johannes"]
[Result "1-0"]
[WhiteElo "1110"]
[BlackElo "752"]
[PlyCount "45"]
[EventDate "2020.??.??"]
[WhiteTeam "SAV Torgelow"]
[BlackTeam "SV Anklam"]

1. c4 e6 2. Nc3 d5 3. b3 Be7 4. Bb2 f6 5. d4 Nc6 6. e3 Nb4 7. a3 Nc6 8. c5 Nb8
9. Nf3 g6 10. Bd3 c6 11. b4 Nh6 12. Qe2 Bd7 13. O-O-O O-O 14. Rhg1 Na6 15. h4
f5 16. Ne5 Bc8 17. g4 Nxg4 18. Nxg4 fxg4 19. Qxg4 e5 20. Qg2 exd4 21. Bxg6 hxg6
22. Qxg6+ Kh8 23. Qg7# 1-0

[Event "LEM Nachwuchs M-V u12m 08.-12.02.2020"]
[Site "?"]
[Date "2020.02.09"]
[Round "2.1"]
[White "Hampe, Florian"]
[Black "Müller, Mitja"]
[Result "0-1"]
[WhiteElo "1010"]
[BlackElo "1265"]
[PlyCount "74"]
[EventDate "2020.??.??"]
[WhiteTeam "Lok Pritzwalk"]
[BlackTeam "TuS Makkabi Rostock"]

1. d4 d5 2. c4 e6 3. Nc3 Nf6 4. Nf3 c5 5. Bf4 Nc6 6. e3 b6 7. a3 Be7 8. Rb1 O-O
9. Be2 Bb7 10. O-O Nh5 11. Be5 Nxe5 12. Nxe5 Nf6 13. Qa4 Qc7 14. Qd1 Nd7 15.
Nf3 Qc6 16. b4 dxc4 17. Bxc4 cxd4 18. Qxd4 Bf6 19. Qd3 Ne5 20. Qe2 Nxc4 21.
Rfc1 Ne5 22. Nb5 Nxf3+ 23. Qxf3 Qxf3 24. gxf3 Bxf3 25. Nc7 Rac8 26. Nb5 a6 27.
Nd6 Rxc1+ 28. Rxc1 h6 29. Nc4 Rc8 30. Kf1 b5 31. Ke1 Rxc4 32. Rb1 Bc3+ 33. Kf1
Bb2 34. e4 Rc1+ 35. Rxc1 Bxc1 36. e5 Bxa3 37. h3 Bxb4 0-1

[Event "LEM Nachwuchs M-V u12m 08.-12.02.2020"]
[Site "?"]
[Date "2020.02.09"]
[Round "2.2"]
[White "Brandt, Mattis"]
[Black "Garde, Edgar Emil"]
[Result "0-1"]
[WhiteElo "1323"]
[BlackElo "941"]
[PlyCount "124"]
[EventDate "2020.??.??"]
[WhiteTeam "Greifswalder SV"]
[BlackTeam "TuS Makkabi Rostock"]

1. d4 Nf6 2. Nf3 g6 3. c3 Bg7 4. e3 d6 5. Bd3 Nc6 6. O-O Bg4 7. h3 Be6 8. e4 d5
9. Nbd2 dxe4 10. Nxe4 Nxe4 11. Bxe4 Bd5 12. Bxd5 Qxd5 13. Bf4 O-O-O 14. Re1 f6
15. b4 g5 16. Bd2 h5 17. a4 g4 18. hxg4 hxg4 19. Nh2 Qf5 20. Qxg4 Qxg4 21. Nxg4
Nxb4 22. cxb4 Rxd4 23. Bc3 Rxg4 24. g3 f5 25. Bxg7 Rxg7 26. Ra3 Re8 27. Rf3 Rg4
28. Rxf5 Rxb4 29. Rf4 Rxf4 30. gxf4 Rf8 31. Rxe7 Rxf4 32. a5 b6 33. axb6 axb6
34. Kf1 b5 35. Ke2 b4 36. Re3 Kb7 37. f3 Kb6 38. Kd3 Kb5 39. Kc2 Ka4 40. Kb2 c5
41. Ka2 c4 42. Re4 Rxe4 43. fxe4 c3 44. e5 b3+ 45. Kb1 Ka3 46. e6 c2+ 47. Kc1
Ka2 48. e7 b2+ 49. Kxc2 b1=Q+ 50. Kc3 Qb8 51. Kd4 Qd6+ 52. Ke4 Qxe7+ 53. Kd4
Qg5 54. Ke4 Kb3 55. Kd4 Qf5 56. Ke3 Qg4 57. Kd3 Qf4 58. Ke2 Qg3 59. Kd2 Qf3 60.
Ke1 Qg2 61. Kd1 Qf2 62. Kc1 Qc2# 0-1

[Event "LEM Nachwuchs M-V u12m 08.-12.02.2020"]
[Site "?"]
[Date "2020.02.09"]
[Round "2.3"]
[White "Asmussen, Johann"]
[Black "Drechsler, Andor"]
[Result "0-1"]
[WhiteElo "1195"]
[BlackElo "1227"]
[PlyCount "44"]
[EventDate "2020.??.??"]
[WhiteTeam "SG Jasmund"]
[BlackTeam "SAV Torgelow"]

1. e4 c6 2. Nc3 d5 3. exd5 cxd5 4. Nf3 Nc6 5. Bb5 Bf5 6. d3 e6 7. Nd4 Qb6 8.
Be3 Qc7 9. Qe2 Bg6 10. Bf4 Bd6 11. Nxd5 Qd7 12. Bxd6 Qxd6 13. Nb4 Qxb4+ 14. c3
Qd6 15. O-O-O a6 16. Ba4 b5 17. Qf3 Rc8 18. Nxc6 Qxc6 19. Qxc6+ Rxc6 20. Bb3
Nf6 21. c4 O-O 22. c5 Rxc5+ 0-1

[Event "LEM Nachwuchs M-V u12m 08.-12.02.2020"]
[Site "?"]
[Date "2020.02.09"]
[Round "2.6"]
[White "Wellßow, Lio Keanu"]
[Black "Wandelt, Moritz"]
[Result "1-0"]
[WhiteElo "1187"]
[BlackElo "859"]
[PlyCount "35"]
[EventDate "2020.??.??"]
[WhiteTeam "SG Jasmund"]
[BlackTeam "SAV Torgelow"]

1. d4 d5 2. c4 Nf6 3. Nc3 c6 4. Nf3 Bf5 5. Bf4 Ne4 6. Nh4 Nxc3 7. bxc3 Qc8 8.
e3 e6 9. c5 f6 10. Qh5+ g6 11. Qd1 h5 12. Bd3 g5 13. Bxf5 exf5 14. Bxb8 Rxb8
15. Ng6 Rg8 16. Qxh5 Qc7 17. Ne5+ Ke7 18. Qf7+ 1-0

[Event "LEM Nachwuchs M-V u12m 08.-12.02.2020"]
[Site "?"]
[Date "2020.02.09"]
[Round "2.7"]
[White "Peilert, Maximilian"]
[Black "Adler, Florian"]
[Result "1/2-1/2"]
[WhiteElo "1044"]
[BlackElo "791"]
[PlyCount "130"]
[EventDate "2020.??.??"]
[WhiteTeam "Think Rochade"]
[BlackTeam "SV Gryps"]

1. e4 e5 2. Bc4 Nf6 3. Nf3 Nc6 4. Ng5 d5 5. exd5 Nxd5 6. d3 Be7 7. Nf3 O-O 8.
Qe2 Bf6 9. Bd2 Be6 10. h3 Nb6 11. Bxe6 fxe6 12. Nc3 Qd6 13. a3 Nd5 14. O-O Nd4
15. Nxd4 exd4 16. Nxd5 Qxd5 17. Rfe1 e5 18. Bb4 Rfe8 19. c4 Qf7 20. Qe4 c6 21.
Bc5 Red8 22. a4 Rac8 23. Bxa7 c5 24. Bb6 Rd6 25. Ba5 Ra6 26. Bd2 Rb6 27. Rab1
Ra8 28. b3 g6 29. a5 Rd6 30. Rf1 Qf8 31. b4 Qc8 32. bxc5 Rc6 33. Qd5+ Qe6 34.
Qxe6+ Rxe6 35. Rxb7 Rxa5 36. Bxa5 Ra6 37. Bd2 Rc6 38. Ra1 Rc8 39. c6 Bd8 40.
Bg5 Bxg5 41. c7 e4 42. Rd1 Bf4 43. dxe4 Bxc7 44. Rxd4 Be5 45. Rd5 Rc7 46. Rxc7
Bxc7 47. c5 Kf8 48. e5 Ke7 49. f4 Ke6 50. Rd1 h6 51. g4 g5 52. fxg5 hxg5 53.
Kf2 Kxe5 54. c6 Bb6+ 55. Kg3 Bc7 56. Rd7 Bd6 57. c7 Ke6+ 58. Kf3 Kxd7 59. c8=Q+
Kxc8 60. Ke4 Kd8 61. Kf5 Be7 62. Kg6 Ke8 63. Kh5 Kf7 64. Kh6 Kg8 65. Kg6 Kh8
1/2-1/2

[Event "LEM Nachwuchs M-V u12m 08.-12.02.2020"]
[Site "?"]
[Date "2020.02.09"]
[Round "2.8"]
[White "Hempel, Johannes"]
[Black "Baerens, Lennart"]
[Result "0-1"]
[WhiteElo "752"]
[BlackElo "951"]
[PlyCount "66"]
[EventDate "2020.??.??"]
[WhiteTeam "SV Anklam"]
[BlackTeam "SF Schwerin"]

1. d3 d5 2. e4 dxe4 3. dxe4 Qxd1+ 4. Kxd1 Nc6 5. Bd2 Nf6 6. Bf4 e5 7. Be3 Nxe4
8. f3 Nf6 9. f4 Bd6 10. Bf2 exf4 11. Nc3 Bg4+ 12. Kc1 f3 13. gxf3 Bxf3 14. Nxf3
O-O-O 15. Bh4 Rhe8 16. Ng5 Bf4+ 17. Kb1 Bxg5 18. Bxg5 Re1+ 19. Bc1 Nd4 20. Bg2
Re5 21. Bh3+ Kb8 22. Bf4 Re7 23. Na4 Re2 24. Bg4 Rf2 25. Bg3 Rd2 26. Bf4 Rf2
27. Bg3 Rxc2 28. Re1 Nxg4 29. h3 Nf2 30. Bxf2 Rxf2 31. b3 Nc2 32. Kb2 Nxe1+ 33.
Kb1 Rd1# 0-1

[Event "LEM Nachwuchs M-V u12m 08.-12.02.2020"]
[Site "?"]
[Date "2020.02.09"]
[Round "3.1"]
[White "Müller, Mitja"]
[Black "Ivanov, Alexander"]
[Result "1-0"]
[WhiteElo "1265"]
[BlackElo "1147"]
[PlyCount "95"]
[EventDate "2020.??.??"]
[WhiteTeam "TuS Makkabi Rostock"]
[BlackTeam "SSC Rostock"]

1. d4 f5 2. c4 Nf6 3. Nf3 e6 4. Nc3 Be7 5. Bf4 O-O 6. e3 d6 7. Bd3 Nc6 8. a3
Qe8 9. O-O Bd7 10. b4 a6 11. Qb3 Bd8 12. c5 Kh8 13. cxd6 cxd6 14. Bxd6 Be7 15.
Be5 b5 16. Ng5 Nd8 17. Nf3 h6 18. Bxf6 Bxf6 19. Ne5 Bxe5 20. dxe5 Nc6 21. f4 g5
22. Rf3 gxf4 23. exf4 Nd4 24. Qd1 Nxf3+ 25. Qxf3 Rc8 26. Qh3 Qg6 27. Nd1 Bc6
28. g3 Rcd8 29. Nf2 Rd4 30. Qh4 Rfd8 31. Rc1 Bb7 32. Rc7 R4d7 33. Rxb7 Qg7 34.
Rxd7 Rxd7 35. Qf6 Kh7 36. Qxe6 Rf7 37. Bxf5+ Kh8 38. Bd3 Ra7 39. Qe8+ Qg8 40.
Qxg8+ Kxg8 41. Kg2 Re7 42. Kf3 Kg7 43. Ke4 Rd7 44. Kf5 Rf7+ 45. Ke6 Rc7 46. Kd6
Rc3 47. e6 Rc8 48. Kd7 1-0

[Event "LEM Nachwuchs M-V u12m 08.-12.02.2020"]
[Site "?"]
[Date "2020.02.09"]
[Round "3.3"]
[White "Garde, Edgar Emil"]
[Black "Hampe, Florian"]
[Result "1-0"]
[WhiteElo "941"]
[BlackElo "1010"]
[PlyCount "87"]
[EventDate "2020.??.??"]
[WhiteTeam "TuS Makkabi Rostock"]
[BlackTeam "Lok Pritzwalk"]

1. e4 c5 2. Nf3 e6 3. d4 cxd4 4. Nxd4 Nf6 5. Nc3 d6 6. Be3 Be7 7. Bd3 b6 8. h3
Bb7 9. Qd2 d5 10. exd5 Nxd5 11. Be4 Qd7 12. Nxd5 Bxd5 13. Qd3 Nc6 14. c3 Rc8
15. O-O-O Bxe4 16. Qxe4 Qc7 17. Nxc6 Qxc6 18. Qxc6+ Rxc6 19. Rd2 O-O 20. Rhd1
a5 21. Rd7 Bf6 22. Bd4 Bxd4 23. R1xd4 Rcc8 24. a3 g6 25. Rb7 Rb8 26. Rxb8 Rxb8
27. b4 h5 28. g4 hxg4 29. hxg4 Kg7 30. Kd2 f5 31. g5 Kf7 32. f4 Ke7 33. c4 Rd8
34. Rxd8 Kxd8 35. Kd3 Kc7 36. Kd4 Kd6 37. c5+ bxc5+ 38. bxc5+ Kc6 39. a4 Kd7
40. Ke5 Ke7 41. c6 Kd8 42. Kxe6 Kc7 43. Kf6 Kxc6 44. Kxg6 1-0

[Event "LEM Nachwuchs M-V u12m 08.-12.02.2020"]
[Site "?"]
[Date "2020.02.09"]
[Round "3.4"]
[White "Baerens, Lennart"]
[Black "Wellßow, Lio Keanu"]
[Result "0-1"]
[WhiteElo "951"]
[BlackElo "1187"]
[PlyCount "24"]
[EventDate "2020.??.??"]
[WhiteTeam "SF Schwerin"]
[BlackTeam "SG Jasmund"]

1. e4 c5 2. Nc3 Nc6 3. Bb5 g6 4. d3 Bg7 5. Bd2 Qb6 6. Nf3 Bxc3 7. Bxc6 Bxd2+ 8.
Qxd2 Qxc6 9. O-O-O d5 10. exd5 Qxd5 11. d4 Qxa2 12. dxc5 Qa1# 0-1

[Event "LEM Nachwuchs M-V u12m 08.-12.02.2020"]
[Site "?"]
[Date "2020.02.09"]
[Round "3.6"]
[White "Briese, Paul"]
[Black "Fritsch, Friedrich"]
[Result "1/2-1/2"]
[WhiteElo "1110"]
[BlackElo "903"]
[PlyCount "26"]
[EventDate "2020.??.??"]
[WhiteTeam "SAV Torgelow"]
[BlackTeam "SG Jasmund"]

1. c4 e5 2. Nc3 Nc6 3. g3 Bc5 4. Bg2 Nf6 5. Nf3 Ng4 6. O-O Nxf2 7. Rxf2 Bxf2+
8. Kxf2 d6 9. d3 h6 10. Kg1 O-O 11. Be3 Bd7 12. a3 Qc8 13. Qf1 Rd8 1/2-1/2

[Event "LEM Nachwuchs M-V u12m 08.-12.02.2020"]
[Site "?"]
[Date "2020.02.09"]
[Round "3.7"]
[White "Schloßmacher, Lenny"]
[Black "Asmussen, Johann"]
[Result "0-1"]
[WhiteElo "874"]
[BlackElo "1195"]
[PlyCount "54"]
[EventDate "2020.??.??"]
[WhiteTeam "TSV Friedland"]
[BlackTeam "SG Jasmund"]

1. e4 e5 2. Nf3 Nc6 3. Bc4 Nf6 4. Nc3 Bb4 5. d3 O-O 6. Bd2 d6 7. O-O Bg4 8. a3
Bxc3 9. Bxc3 d5 10. exd5 Nxd5 11. Bd2 Nd4 12. c3 Nxf3+ 13. gxf3 Bh3 14. Kh1 Nf4
15. Rg1 a6 16. Rg3 Be6 17. Qg1 Nh5 18. Bh6 Nxg3+ 19. Qxg3 Qf6 20. Bg5 Qg6 21.
Rg1 Bxc4 22. dxc4 f6 23. f4 fxg5 24. fxg5 Qc6+ 25. f3 Rxf3 26. Qe1 Rg3+ 27. Rg2
Qxg2# 0-1

[Event "LEM Nachwuchs M-V u12m 08.-12.02.2020"]
[Site "?"]
[Date "2020.02.09"]
[Round "3.8"]
[White "Wandelt, Moritz"]
[Black "Peilert, Maximilian"]
[Result "0-1"]
[WhiteElo "859"]
[BlackElo "1044"]
[PlyCount "82"]
[EventDate "2020.??.??"]
[WhiteTeam "SAV Torgelow"]
[BlackTeam "Think Rochade"]

1. e4 e5 2. Nf3 Nc6 3. d4 exd4 4. Nxd4 Nxd4 5. Qxd4 Nf6 6. Nc3 d6 7. Bc4 c5 8.
Qd5 h6 9. O-O Qb6 10. Re1 Bg4 11. Qd3 Be7 12. Nd5 Qa5 13. Bd2 Qd8 14. h3 Be6
15. Re2 O-O 16. Rae1 Re8 17. Bc3 Nh5 18. Qf3 g6 19. b3 Bg5 20. Bb2 Bxd5 21. Qc3
Bf6 22. Qd2 Kg7 23. Bxf6+ Qxf6 24. Qxd5 Nf4 25. Qxb7 Nxe2+ 26. Bxe2 Qe7 27. Ba6
Rab8 28. Qxe7 Rxe7 29. Kf1 Rb4 30. Bc4 a5 31. f3 a4 32. Rd1 axb3 33. axb3 Rb6
34. Ke2 f5 35. e5 Rxe5+ 36. Kf2 f4 37. Kg1 g5 38. Kf2 Kf6 39. Rb1 d5 40. Bd3 d4
41. Bf1 Rb4 0-1

[Event "LEM Nachwuchs M-V u12m 08.-12.02.2020"]
[Site "?"]
[Date "2020.02.09"]
[Round "3.9"]
[White "Adler, Florian"]
[Black "Hempel, Johannes"]
[Result "1-0"]
[WhiteElo "791"]
[BlackElo "752"]
[PlyCount "67"]
[EventDate "2020.??.??"]
[WhiteTeam "SV Gryps"]
[BlackTeam "SV Anklam"]

1. e4 e5 2. Nf3 f6 3. Nc3 g6 4. Bc4 Ne7 5. d4 exd4 6. Nxd4 d6 7. Be6 Bg7 8. O-O
Nbc6 9. Nxc6 Nxc6 10. Bxc8 Qxc8 11. Be3 b6 12. Nb5 O-O 13. Nd4 Ne5 14. Bf4 Nc4
15. b3 Nb2 16. Qb1 f5 17. Be3 c5 18. Ne2 Qa6 19. Re1 fxe4 20. Bc1 Qa5 21. Bxb2
Bh6 22. Bc3 Qa6 23. Qd1 Qc8 24. Qd5+ Rf7 25. Qxd6 Rd7 26. Qe6+ Kf8 27. Qxe4 Bg7
28. Bxg7+ Rxg7 29. Ng3 Qa6 30. Qxa8+ Kf7 31. Qd5+ Kf6 32. Re6+ Kf7 33. Qd7+ Kf8
34. Re8# 1-0

[Event "LEM Nachwuchs M-V u12m 08.-12.02.2020"]
[Site "?"]
[Date "2020.02.10"]
[Round "4.2"]
[White "Wellßow, Lio Keanu"]
[Black "Müller, Mitja"]
[Result "0-1"]
[WhiteElo "1187"]
[BlackElo "1265"]
[PlyCount "76"]
[EventDate "2020.??.??"]
[WhiteTeam "SG Jasmund"]
[BlackTeam "TuS Makkabi Rostock"]

1. d4 d5 2. Nf3 Bf5 3. c4 e6 4. Nc3 c5 5. dxc5 Bxc5 6. cxd5 Qb6 7. e3 Nf6 8.
Bb5+ Nbd7 9. Ne5 Rd8 10. O-O O-O 11. Nc4 Qc7 12. d6 Qb8 13. Re1 Nb6 14. e4 Bg4
15. Qc2 Nxc4 16. Bxc4 Bxd6 17. Be3 Bxh2+ 18. Kh1 Be5 19. Bc5 Bd6 20. Bxd6 Qxd6
21. e5 Qb4 22. exf6 Qxc4 23. fxg7 Rfe8 24. Re4 Bf5 25. Qe2 Qc6 26. Rh4 Re7 27.
Qh5 Red7 28. Kh2 Qc7+ 29. g3 Rd2 30. Kg2 Qc6+ 31. Kf1 Rxb2 32. g4 Bd3+ 33. Ne2
Rxe2 34. Kg1 Qf3 35. Rf1 Rxa2 36. Qh6 Be4 37. Rh2 Qxg4+ 38. Rg2 Qxg2# 0-1

[Event "LEM Nachwuchs M-V u12m 08.-12.02.2020"]
[Site "?"]
[Date "2020.02.10"]
[Round "4.3"]
[White "Brandt, Mattis"]
[Black "Asmussen, Johann"]
[Result "0-1"]
[WhiteElo "1323"]
[BlackElo "1195"]
[PlyCount "88"]
[EventDate "2020.??.??"]
[WhiteTeam "Greifswalder SV"]
[BlackTeam "SG Jasmund"]

1. e4 e5 2. Nf3 Nc6 3. Bc4 Nf6 4. Ng5 d5 5. exd5 Nxd5 6. Nxf7 Kxf7 7. Qf3+ Ke6
8. Nc3 Ncb4 9. Qe4 c6 10. a3 Na6 11. d4 Nac7 12. Qxe5+ Kf7 13. O-O Be6 14. Bxd5
cxd5 15. Bg5 Be7 16. Bxe7 Qxe7 17. Rfe1 Rhf8 18. Re3 Kg8 19. Rg3 Rae8 20. Qh5
Bf7 21. Qd1 Qf6 22. Qd2 a6 23. Rf3 Qe7 24. h3 Bg6 25. Rg3 Qd7 26. h4 Nb5 27.
Nxb5 Qxb5 28. c3 Qe2 29. Qg5 Qxf2+ 30. Kh2 Qf5 31. Qxf5 Rxf5 32. Rd1 Rf4 33.
Rd2 Rxh4+ 34. Kg1 Rf4 35. Rg5 Rf5 36. Rg4 Kf7 37. Kh2 Kf6 38. Kg3 Re3+ 39. Kh2
Bh5 40. Rh4 Kg5 41. g3 h6 42. Rh3 Re2+ 43. Rxe2 Bxe2 44. Kg2 Bf1+ 0-1

[Event "LEM Nachwuchs M-V u12m 08.-12.02.2020"]
[Site "?"]
[Date "2020.02.10"]
[Round "4.4"]
[White "Ivanov, Alexander"]
[Black "Drechsler, Andor"]
[Result "1/2-1/2"]
[WhiteElo "1147"]
[BlackElo "1227"]
[PlyCount "139"]
[EventDate "2020.??.??"]
[WhiteTeam "SSC Rostock"]
[BlackTeam "SAV Torgelow"]

1. d4 Nf6 2. c4 g6 3. Nc3 Bg7 4. e4 d6 5. Bd3 O-O 6. Bg5 h6 7. Bh4 c5 8. Nge2
Nbd7 9. O-O a5 10. f3 cxd4 11. Nxd4 Qb6 12. Bf2 Qd8 13. Re1 Ne5 14. Be2 b6 15.
b3 Qd7 16. Qd2 Bb7 17. Be3 Kh7 18. Rad1 Rac8 19. Rf1 Ne8 20. Ndb5 Qd8 21. Nd5
Bxd5 22. Qxd5 Nf6 23. Qd4 Nfd7 24. Qd2 Nc5 25. Bd4 Qd7 26. f4 Nc6 27. Bxg7 Kxg7
28. Qe3 Ne6 29. Rf3 Rb8 30. Rh3 f5 31. exf5 Rxf5 32. Bg4 Rf6 33. f5 Ng5 34. Rh4
gxf5 35. Bf3 Nxf3+ 36. Qxf3 Ne5 37. Qg3+ Ng6 38. Rdd4 Kh7 39. Rh5 Qe6 40. Nc7
Qe2 41. Qf3 Qxa2 42. Nd5 Qa1+ 43. Qd1 Qxd1+ 44. Rxd1 Rf7 45. Rf1 e6 46. Nc3 Ne5
47. h3 f4 48. Ne4 Kg6 49. Rh4 d5 50. Nd6 Rd7 51. Re1 Kg5 52. Rxe5+ Kxh4 53.
Rxe6 dxc4 54. Nxc4 Kg3 55. Rg6+ Kh4 56. Rxh6+ Kg5 57. Rxb6 Rxb6 58. Nxb6 Rb7
59. Nc4 Rxb3 60. Nxa5 Rc3 61. Nb7 Kh4 62. Nd6 Rc2 63. Nf5+ Kg5 64. Nd4 Rc3 65.
Nf3+ Kf5 66. Nd4+ Ke4 67. Ne6 Ke3 68. Ng5 Rc5 69. Nf3 Rc1+ 70. Kh2 1/2-1/2

[Event "LEM Nachwuchs M-V u12m 08.-12.02.2020"]
[Site "?"]
[Date "2020.02.10"]
[Round "4.5"]
[White "Peilert, Maximilian"]
[Black "Briese, Paul"]
[Result "0-1"]
[WhiteElo "1044"]
[BlackElo "1110"]
[PlyCount "120"]
[EventDate "2020.??.??"]
[WhiteTeam "Think Rochade"]
[BlackTeam "SAV Torgelow"]

1. e4 c6 2. d4 d5 3. e5 Bf5 4. Nf3 Nd7 5. Bg5 h6 6. Bh4 Qc7 7. Nc3 e6 8. a3 Ne7
9. Bd3 Bxd3 10. Qxd3 Ng6 11. O-O Be7 12. Bxe7 Nxe7 13. Rab1 O-O 14. b4 Ng6 15.
b5 Rab8 16. a4 a6 17. bxa6 bxa6 18. Qxa6 Ra8 19. Qb7 Qc8 20. Qxc8 Rfxc8 21. Ra1
Ra5 22. Rab1 Ndf8 23. Rfe1 Rca8 24. Rb6 c5 25. Rb5 Rxb5 26. axb5 cxd4 27. Nxd4
Nxe5 28. Nc6 Nxc6 29. bxc6 Rc8 30. Rc1 Rxc6 31. Ne2 f5 32. c3 e5 33. Rd1 Rd6
34. c4 Nd7 35. cxd5 Nf6 36. Nc3 g5 37. f3 e4 38. Kf2 exf3 39. gxf3 f4 40. h3
Kf7 41. Ne4 Rxd5 42. Rxd5 Nxd5 43. Kg2 Kg6 44. Nf2 Ne3+ 45. Kh2 Nc2 46. Kg2
Ne1+ 47. Kf1 Nxf3 48. Kg2 Nd2 49. Kh2 h5 50. Kg2 Kf5 51. Kg1 g4 52. Kg2 Ne4 53.
hxg4+ hxg4 54. Nxg4 Kxg4 55. Kf1 Kg3 56. Kg1 Kf3 57. Kf1 Ke3 58. Ke1 f3 59. Kf1
f2 60. Kg2 Ke2 0-1

[Event "LEM Nachwuchs M-V u12m 08.-12.02.2020"]
[Site "?"]
[Date "2020.02.10"]
[Round "4.6"]
[White "Fritsch, Friedrich"]
[Black "Adler, Florian"]
[Result "0-1"]
[WhiteElo "903"]
[BlackElo "791"]
[PlyCount "142"]
[EventDate "2020.??.??"]
[WhiteTeam "SG Jasmund"]
[BlackTeam "SV Gryps"]

1. e4 e5 2. Nf3 Nc6 3. Bc4 h6 4. Nc3 Nf6 5. d4 exd4 6. Nxd4 Bc5 7. Nxc6 bxc6 8.
O-O O-O 9. h3 d6 10. Qf3 Bb7 11. Qg3 Kh8 12. b3 Rc8 13. Bb2 Qd7 14. Na4 Bb6 15.
Rfd1 Qe7 16. Re1 Qd7 17. Rad1 Rg8 18. e5 Ne8 19. Nxb6 axb6 20. Ba3 c5 21. Bd5
Bxd5 22. Rxd5 Qc6 23. Red1 dxe5 24. Rxe5 Ra8 25. Bb2 Rxa2 26. Rb1 f6 27. Rh5
Rf8 28. Qh4 Kh7 29. c4 Rxb2 30. Rxb2 Qa8 31. Rb1 Qa2 32. Qe4+ g6 33. Rd5 Ng7
34. Rd7 Rc8 35. Qe7 Qxb1+ 36. Kh2 Rg8 37. Rxc7 Qxb3 38. Qf7 Qc2 39. Qxf6 Qd3
40. Qf7 Qd6+ 41. g3 Qf8 42. Qd5 Qxf2+ 43. Qg2 Qxg2+ 44. Kxg2 Rd8 45. Rc6 Rd2+
46. Kf3 Rc2 47. Rxb6 Rxc4 48. Rc6 Rc3+ 49. Ke2 Rxg3 50. Rxc5 Rxh3 51. Kf2 Ne6
52. Re5 Nd4 53. Re7+ Kg8 54. Rd7 Nf5 55. Kg2 Ra3 56. Rb7 h5 57. Rb8+ Kg7 58.
Rb7+ Kh6 59. Rb8 h4 60. Rh8+ Kg5 61. Kh2 Kf4 62. Rg8 g5 63. Rb8 Ra2+ 64. Kg1
Kf3 65. Rb1 g4 66. Kh1 g3 67. Kg1 h3 68. Kh1 g2+ 69. Kh2 Kg4 70. Kg1 Kg3 71.
Rb2 h2# 0-1